[Event "POL-chT U20 2nd League"]
[Site "Sypniewo"]
[Date "2020.??.??"]
[Round "6.9"]
[White "Doroba, Ludwik"]
[Black "Skrzypinski, Jan"]
[Result "0-1"]
[WhiteElo "1330"]
[BlackElo "1418"]
[PlyCount "76"]
[EventDate "2020.10.23"]
[EventType "team-swiss"]
[EventRounds "9"]
[EventCountry "POL"]
[SourceTitle "CBM 199 Extra"]
[Source "ChessBase"]
[SourceDate "2021.01.31"]
[SourceVersion "1"]
[SourceVersionDate "2021.01.31"]
[SourceQuality "1"]

1. d4 Nf6 2. c4 g6 3. Nc3 Bg7 4. e4 d6 5. Be2 Nbd7 6. Bg5 0-0 7. g4 c5 8. d5 Qa5 9. Bd2 Qb6 10. Qb3 Qxb3 11. axb3 Ne5 12. h3 Ne8 13. f4 Nd7 14. Nf3 a6 15. 0-0-0 Rb8 16. Kc2 Nc7 17. Rh2 b5 18. Rdh1 bxc4 19. bxc4 Nb6 20. g5 Bd7 21. h4 Bg4 22. b3 Rb7 23. Ne1 Bxe2 24. Nxe2 Rfb8 25. h5 Nd7 26. hxg6 hxg6 27. Bc3 Bxc3 28. Nxc3 Nf8 29. f5 Kg7 30. Nd3 Rxb3 31. Rf2 Ne8 32. Nb5 Rxd3 33. Kxd3 axb5 34. cxb5 Rxb5 35. f6+ exf6 36. gxf6+ Nxf6 37. Rhf1 N8d7 38. Kc2 Rb4 0-1